[Event "Baku FIDE GP"]
[Site "Baku"]
[Date "2014.10.10"]
[Round "8"]
[White "Dominguez Perez, Leinier"]
[Black "Svidler, Peter"]
[Result "0-1"]
[WhiteElo "2751"]
[BlackElo "2732"]
[Annotator "Havasi,G"]
[PlyCount "154"]
[EventDate "2014.10.02"]
[EventType "tourn"]
[EventRounds "11"]
[EventCountry "AZE"]
[EventCategory "21"]
[SourceTitle "CBM 163"]
[Source "ChessBase"]
[SourceDate "2014.11.11"]
[SourceVersion "1"]
[SourceVersionDate "2014.11.11"]
[SourceQuality "1"]

1. e4 e5 2. Nf3 Nc6 3. Bb5 a6 4. Ba4 Nf6 5. O-O Be7 6. d3 d6 {This is a less
popular system in comparison to 6...b5, but a very interesting one.} 7. c3 O-O
8. Nbd2 (8. Re1 {is the other possible move, Svidler also had a game with it
against Nakamura in the first round of the same tournament} Re8 {Black applies
the same plan.} 9. Nbd2 Bf8 10. Nf1 h6 11. Ng3 {and here Black decides to
occupy the centre with} b5 12. Bc2 {and} d5 $13 {Nakamura-Svidler, Baku 2014})
8... Re8 {This is a less committal move, Black wants to countinue manoeuvring.}
({The immediate} 8... b5 {is the most popular line} 9. Bc2 d5 {Black tries to
gain some space in the centre, White usually plays 10.Re1 or Qe2, after which
White wants to make use of Black's weakened P structure, while Black wants to
hold his strong P centre.}) 9. d4 {White immediately decides to push the
d-pawn.} (9. Re1 {would transpose to 8.Re1.}) 9... b5 (9... exd4 {was played
by Morozevich} 10. cxd4 Bf8 (10... b5 11. Bc2 {transposes to 9...b5}) 11. d5 b5
12. dxc6 bxa4 13. Qxa4 d5 $1 14. e5 Ng4 15. Qd4 Rb8 16. a3 Rb6 $132 {and Black
had no problem in the game Dominguez Perez-Morozevich , Thessaloniki 2013 CBM
155, but later White won.}) 10. Bc2 exd4 $146 {This is already a novelty.
Black wants to put pressure on White's centre.} (10... Bf8 {was played in the
previous games, but White managed to prove a nice superiority after} 11. h3
exd4 12. cxd4 h6 13. Re1 Bb7 14. b3 Nb4 15. Bb1 $14 {Akopian-Kharlov, Moscow
2005}) 11. cxd4 Bg4 12. h3 Bh5 13. g4 (13. Nb3 {is the suggestion of the
computer, White wants to stabilise the position with a3, Re1 etc., but Black
is just in time with the counterplay after} Bf8 14. Re1 Nb4 15. Bb1 c5 $132)
13... Bg6 14. Re1 ({If White plays} 14. a3 {to prevent ...Nb4, Black can play}
Qc8 $5 $11 {or Qd7 with the plan of Nxg4. If Black doesn't want to draw, he
can play 14...Nd7 or 14...h5} (14... Nd7 $13) (14... h5 15. e5 dxe5 16. Bxg6
fxg6 17. dxe5 Nd5 $13)) 14... h5 $5 {Black immediately wants to attack the
weakened structure.} (14... Nb4 15. Bb1 c5 $132 {is the other typical
counterplay plan, which gives Black a nice position}) (14... Nd7 {is also
typical, followed by ...Bf6.}) 15. e5 $1 {White plays the most logical move,
he wants to create counterplay, otherwise he is worse.} (15. g5 Nh7 16. h4 d5
$1 $36) 15... Bxc2 16. Qxc2 Nb4 17. Qf5 $2 (17. Qb3 $1 {was the right move}
dxe5 18. dxe5 (18. g5 Nfd5 19. Nxe5 Bd6 $132) 18... Nfd5 19. e6 fxe6 20. a3 Nc6
21. gxh5 Na5 22. Qc2 Nf4 $132 {and Black has nice counterplay which is hard to
defend in a practical game, but this isn't losing.}) 17... dxe5 18. dxe5 g6 19.
Qb1 Bc5 $6 {This move immediately loses all of the advantage.} (19... Qd5 $3 {
was a very strong move, but impossible to find for a human} 20. exf6 Bc5 {
and Black wins in all of the lines:} 21. Ne4 (21. gxh5 Nd3 $19) 21... hxg4 22.
Nfg5 (22. hxg4 Nd3 23. Rd1 Qxe4 $19) 22... g3 $1 23. Be3 gxf2+ 24. Bxf2 Bxf2+
25. Kxf2 Nd3+ 26. Kg1 Nxe1 27. Qxe1 Rxe4 $1 28. Nxe4 Re8 29. Rd1 Rxe4 $1 $17) (
19... Nd3 $5 {was also good, and this can also be found by a human player:} 20.
Re3 (20. exf6 Nxe1 21. Nxe1 Bxf6 $17) 20... Nxf2 $1 21. Kxf2 hxg4 $40) 20. Ne4
$1 (20. exf6 Bxf2+ $19) 20... Nxe4 21. Qxe4 hxg4 (21... Qd3 {was also possible
immediately.}) 22. hxg4 Qd3 23. b3 $2 {This is mistake.} (23. Bg5 $1 {was a
very good move to prevent ...Rad8 and White isn't worse.}) 23... Qxe4 $6 {
Logical, but in case of accurate defence, Black won't have enough advantage to
win.} (23... Rad8 $1 {was very strong to maintain the tension and it prepares
a hidden threat:} 24. Bg5 Rd4 $1 25. Nxd4 Bxd4 $17 {and White has no good
defence against ...Qg3, ...Bxa1.}) 24. Rxe4 Nd3 25. Be3 f5 {This move gives
Black a pawn advantage, but White should have chances to hold.} (25... Rad8 $5
$15 {might be better, as Black keeps the tension and wants to take advanatage
of the weakened structure.}) 26. gxf5 gxf5 27. Rh4 Nxe5 (27... Bxe3 28. fxe3
Nxe5 29. Nxe5 Rxe5 30. Kf2 $11 {and despite being a pawn down, White has a
draw because of his strong rooks. White will simply keep Black under pressure.}
) 28. Nxe5 Rxe5 29. Bxc5 (29. Rc1 $1 {was a very strong move, trying to get
the same structure as in the 27...Bxe3 line:} Bxe3 (29... Bd6 30. Kg2 $44 {
followed by Rc6 and Kf3}) 30. fxe3 c5 31. Kf2 $11 {and White has enough
counterplay.}) 29... Rxc5 30. Rd1 (30. Re1 $1 {was still a draw} Kf7 31. Rh6
$11 {and White has enough counterplay thanks to the strong rooks, he wants to
follow up with Ree6.}) 30... Kf7 31. Rh7+ {A very logical plan is to occupy
the 7th rank, but it was more important to keep the a6-pawn under pressure by
playing} (31. Rh6 $1 $11) 31... Kf6 32. Rdd7 Rg8+ 33. Kf1 Rc1+ 34. Ke2 Re8+ (
34... Ra1 {was also possible.}) 35. Kf3 (35. Kd2 $1 {was better:} Ra1 (35...
Rf1 36. Rh2 c5 (36... Ra1 37. Rh6+ $1) 37. Rd6+) 36. Rh6+ Kg5 37. Rxa6 Rf1 38.
Rxc7 Rxf2+ 39. Kc3 $11 {with an approximately equal position.}) 35... Rc3+ 36.
Kg2 c6 $6 (36... Rg8+ $1 37. Kf1 c6 {was better, as there is no f4.}) 37. Ra7
$2 {White misses the chance.} (37. f4 $1 {would have been an immediate draw}
Ke6 38. Rd2 Rg8+ 39. Kh2 Rg4 40. Rh6+ Ke7 41. Rh7+ $11) 37... Rg8+ 38. Kf1 Rc1+
39. Ke2 Rc2+ 40. Kf3 Rxa2 41. Rhc7 Rc2 42. Rxa6 Rc3+ 43. Ke2 Re8+ (43... Rxb3
44. Raxc6+ Kg5 $15 {was also possible, but Svidler decides to go for the
f2-pawn.}) 44. Kd2 Rf3 45. Raxc6+ Kg5 46. Rg7+ Kf4 47. Rh6 (47. Rc5 Rxf2+ $15)
47... Rxf2+ 48. Kc3 Rf3+ (48... Re4 $1 $17 {was a nice move, which immediately
gives Black a huge advantage.}) 49. Kb4 Ree3 (49... Re5 {was also good, as
Black will simply advance by playing ...Ke4 and ...f4.}) 50. Kxb5 Rxb3+ 51. Kc4
Rh3 52. Ra6 Rhc3+ (52... Ra3 {was better, preparing Kf3 after the rook goes
away.}) 53. Kd5 Rb5+ 54. Kd4 Rbb3 (54... Rc1 {was better to give check on d1.})
55. Rf7 $1 Rd3+ (55... Rf3 {was better according to the computer, as Black
will be able to overprotect the f5-pawn by leaving the f-file with the king.})
56. Kc4 Rbc3+ 57. Kb4 Rb3+ 58. Kc4 Rdc3+ 59. Kd4 Re3 60. Ra1 $1 Red3+ 61. Kc4
Ra3 62. Rh1 Rh3 63. Rd1 Rhe3 64. Rf1+ Rf3 65. Rd1 Ra4+ 66. Kb5 (66. Kd5 Ke3 $15
) 66... Re4 (66... Ra8 {was also possible.}) 67. Rf8 $2 (67. Kc5 {was more
resistant.}) 67... Kg3 68. Rd5 {After the last two inaccurate moves, White's
king can't get closer to the kingside.} Rb3+ 69. Kc5 f4 70. Rg5+ Kf2 71. Rgf5
f3 72. R5f7 Rg4 73. Rf6 Re3 74. R6f7 Kg2 75. Rf6 Rg3 76. Kd4 Re2 77. Kd3 Ra2
0-1

[Event "EU-chT (Men) 20th"]
[Site "Reykjavik"]
[Date "2015.11.19"]
[Round "6.1"]
[White "Leko, Peter"]
[Black "Carlsen, Magnus"]
[Result "0-1"]
[WhiteElo "2708"]
[BlackElo "2850"]
[Annotator "Havasi,G"]
[PlyCount "82"]
[EventDate "2015.11.13"]
[EventType "team-swiss"]
[EventRounds "9"]
[EventCountry "ISL"]
[SourceTitle "CBM 170"]
[Source "ChessBase"]
[SourceDate "2016.01.15"]
[SourceVersion "1"]
[SourceVersionDate "2016.01.15"]
[SourceQuality "1"]
[WhiteTeam "Hungary"]
[BlackTeam "Norway"]
[WhiteTeamCountry "HUN"]
[BlackTeamCountry "NOR"]

1. e4 e5 2. Nf3 Nc6 3. Bb5 a6 4. Ba4 Nf6 5. O-O Be7 6. d3 b5 7. Bb3 O-O 8. Nc3
d6 9. a3 Rb8 $5 10. Be3 (10. h3 {was played in Leko's earlier game against
Tomashevsky} h6 11. Ba2 Re8 12. Nh2 Nd4 13. f4 exf4 14. Bxf4 Be6 15. Nf3 Nxf3+
16. Qxf3 Bxa2 17. Rxa2 Qd7 18. Raa1 Qe6 19. Kh1 Rbc8 20. Bg3 Nd7 21. a4 c6 22.
Ne2 Ne5 23. Qf2 Bf8 24. axb5 axb5 25. Ra7 $16 {1-0 (67) Leko,P (2737)
-Tomashevsky,E (2709) Kiev UKR 2013. I annotated that game in my article about
the a3-line.}) 10... Na5 11. Ba2 c5 12. Nd5 (12. b4 Nc6 13. Nd5 {is also
possible.}) 12... c4 (12... Nc6 13. b4 {would transpose to 12.b4.}) (12... Nxd5
13. Bxd5 {is slightly better for White.}) 13. Nxe7+ (13. b4 cxb3 14. cxb3 Nxd5
15. exd5 Nb7 16. b4 {is the suggestiom of the computer, but I can agree with
Leko, because Black might be dangerous after f5-f4.}) 13... Qxe7 14. Qd2 Nc6
15. h3 Be6 16. b4 Rfc8 17. c3 cxd3 18. Qxd3 Bxa2 19. Rxa2 d5 $11 {Black has
equalised.} 20. Nd2 Qe6 21. Raa1 Ne7 $1 {Preparing Rd8, Qc6 and Ng6.} (21...
Rd8 22. Bg5 {was a problem} dxe4 23. Qe2 Ne7 24. Bxf6 Qxf6 25. Nxe4 $11) 22.
Bc5 Ng6 23. Rad1 Rd8 (23... Nf4 {is also good} 24. Qf3 Rd8 $15) 24. Qf3 h6 25.
Rfe1 Rd7 26. Qf5 Qc6 27. exd5 Rxd5 28. Nf3 $6 (28. Qf3 $1 Rbd8 29. Ne4 Rxd1 30.
Nxf6+ Qxf6 31. Rxd1 {is a chance for White to equalise.}) 28... Rbd8 29. Qc2 $6
{Overlooking the ...Ne4-move.} (29. Rxd5 Rxd5 30. Qc2 $15 {is very good for
Black, but not winning.}) 29... Rxd1 30. Rxd1 Rxd1+ 31. Qxd1 Ne4 $17 {Black is
practically winning.} 32. Qd8+ Kh7 33. Qb6 Qxb6 34. Bxb6 Nxc3 35. Nd2 Nf4 36.
h4 Kg6 37. f3 Kf5 38. Kf2 Nd3+ 39. Kf1 h5 40. Be3 Ke6 41. g3 Kd5 {A very nice
game for Carlsen, but White also had some chances to maintain equality.} 0-1

[Event "FIDE World Cup"]
[Site "Baku"]
[Date "2015.09.21"]
[Round "4.2"]
[White "Wei, Yi"]
[Black "Ding, Liren"]
[Result "1-0"]
[WhiteElo "2734"]
[BlackElo "2782"]
[Annotator "Havasi,G"]
[PlyCount "159"]
[EventDate "2015.09.11"]
[EventType "k.o."]
[EventRounds "7"]
[EventCountry "AZE"]
[SourceTitle "CBM 169"]
[Source "ChessBase"]
[SourceDate "2015.11.10"]
[SourceVersion "1"]
[SourceVersionDate "2015.11.10"]
[SourceQuality "1"]

1. e4 e5 2. Nf3 Nc6 3. Bb5 a6 4. Ba4 Nf6 5. O-O Be7 6. d3 b5 7. Bb3 d6 8. a3
O-O 9. Nc3 h6 (9... Bg4 10. Be3 Nd4 11. Bxd4 exd4 12. Nd5 {is an important
question in this line, because Black has had good results in it.}) 10. h3 {
The inclusion of h3 and h6 is favourable for White, because ...Bg4 is not an
option anymore.} Re8 (10... Be6 11. Nd5 Na5 12. Ba2 c6 13. Nxf6+ Bxf6 14. Bxe6
fxe6 15. b4 Nb7 16. c4 $13 {1-0 (53) Bartel,M (2619)-Schachinger,M (2443)
Legnica 2013}) 11. Bd2 $146 (11. Nd5 Be6 12. Bd2 Bf8 13. Re1 Rb8 14. Nb4 Nxb4
15. Bxe6 Rxe6 16. axb4 d5 17. Bc3 d4 18. Bd2 c5 19. bxc5 b4 20. Bc1 Bxc5 $11 {
1/2 (66) Bruzon Batista,L (2707)-Espinosa Veloz,E (2461) Havana CUB 2013})
11... Bf8 12. a4 (12. Nd5 {is also good.}) 12... Rb8 (12... b4 13. Nd5 Rb8 (
13... Na5 14. Ba2) 14. a5 {seems to be better for White.}) 13. axb5 axb5 {
White has opened the a-file, which is very important.} 14. Re1 Be6 15. Nd5 Nd7
(15... Bxd5 16. exd5 Ne7 17. c4 $14) 16. c3 Ne7 (16... Nc5 17. Bc2 $14 {
followed by d4.}) 17. Ne3 $1 {Keeping the pieces with some space advantage.}
Bxb3 18. Qxb3 Ng6 (18... d5 19. exd5 Nc5 20. Qc2 Nxd5 21. Ng4 $36) 19. g3 $1 (
19. Qc2 {to prepare for d4 is also good.}) 19... Nc5 $6 {Black forces White to
move his queen to c2, but this is a really useful move.} (19... c6 {seems to
be better:} 20. Qc2 Nf6 $11) 20. Qc2 Qd7 21. b4 $1 Ne6 22. d4 $1 (22. Ra7 $14)
22... exd4 23. cxd4 c5 24. d5 Nd4 25. Nxd4 cxd4 26. Nf5 Ne5 (26... Rbc8 27. Qb3
Rc4 28. Kg2 $14 {The d4 P is vulnerable.}) 27. Kg2 Rbc8 28. Qb3 d3 29. Ra2 $1 {
Preparing for f4.} Ra8 $6 (29... g6 $142 30. Nxh6+ Bxh6 31. Bxh6 f5 {and
suddenly Black gets counterplay.}) 30. Rea1 Rxa2 31. Rxa2 Qc8 {A very tricky
move, planning Qc4.} 32. Ne3 $1 {Avoiding Qc4.} g6 33. Bc3 h5 34. Bxe5 Rxe5 35.
Qxd3 Qe8 36. Re2 Bg7 (36... Rxe4 $2 37. Ng4 $1) 37. Nc2 f5 38. f3 fxe4 39. fxe4
$16 Re7 40. Nd4 Bxd4 41. Qxd4 Re5 42. Qd3 Kh7 43. Qc2 Qe7 44. h4 Kg7 45. Qd3
Kh7 46. Kh2 Kg7 47. Qd4 Kh7 48. Re3 g5 $6 {Why change the structure?} (48...
Qc7 {was better and it is not so easy to find a winning plan for White.}) 49.
hxg5 Qxg5 50. Rf3 Re7 51. Rf4 $16 Qg6 52. Rf6 Qg5 53. Qf2 Kg7 54. Rxd6 (54. Rf5
$142 $1 Qg4 55. e5 $1 {wins immediately} dxe5 56. d6 Rd7 57. Rxe5) 54... h4 55.
Kh3 (55. gxh4 $142 Qe5+ 56. Qg3+ Qxg3+ 57. Kxg3 Rxe4 58. h5 Rxb4 59. Kf3 $16)
55... hxg3 56. Qf5 Qxf5+ 57. exf5 Re4 58. Rg6+ $6 (58. Kxg3 Rxb4 59. Kf3 $14)
58... Kf7 59. Rxg3 Rxb4 (59... Kf6 $1 $11) 60. Rd3 Rc4 61. d6 Rc8 $2 (61... Ke8
$1 $11 62. Kg3 Kd7 63. f6 b4 64. f7 Rc8) 62. Kg4 Kf6 63. Kf4 b4 64. Ke4 $18 Rb8
65. Kd5 $2 (65. Rb3 $18) 65... b3 66. d7 b2 67. Rb3 Rxb3 68. d8=Q+ Kxf5 69.
Qd7+ Kg5 70. Qe7+ Kg4 71. Qe4+ Kg3 72. Qg6+ Kh4 $2 (72... Kf4 $11) 73. Qb1 Kg5
74. Kc4 Rb8 75. Qg1+ Kf5 76. Qc5+ Kg4 77. Qd4+ Kf3 78. Qf6+ Ke4 79. Qe6+ Kf3
80. Qf5+ 1-0

[Event "RUS-ch"]
[Site "Elista"]
[Date "1995.??.??"]
[Round "4"]
[White "Tiviakov, Sergei"]
[Black "Yemelin, Vasily"]
[Result "0-1"]
[WhiteElo "2655"]
[BlackElo "2500"]
[Annotator "Hecht,H"]
[PlyCount "138"]
[EventDate "1995.10.??"]
[EventType "swiss"]
[EventRounds "11"]
[EventCountry "RUS"]
[SourceTitle "CBM 050"]
[Source "ChessBase"]
[SourceDate "1996.02.01"]
[SourceVersion "1"]
[SourceVersionDate "1996.02.01"]
[SourceQuality "1"]

1. e4 {Endspiel-CD} e5 2. Nf3 Nc6 3. Bb5 a6 4. Ba4 Nf6 5. Qe2 Be7 6. c3 d6 7.
d4 b5 8. Bc2 exd4 9. Nxd4 Bb7 10. Nf5 O-O 11. Bg5 Re8 12. Nd2 Bf8 13. O-O-O h6
14. Be3 Ne7 15. Ng3 Qc8 16. f4 Ng6 17. h4 Ng4 18. h5 Nxe3 19. Qxe3 Ne7 20. Qd3
Rd8 21. e5 g6 22. hxg6 fxg6 23. Qe2 Qe6 24. Nge4 Bg7 25. g4 Rf8 26. Rhf1 Rad8
27. exd6 cxd6 28. Rde1 b4 29. Bb3 Bd5 30. c4 Bxe4 31. Nxe4 Kh8 32. c5 Qc8 33.
Kb1 dxc5 34. Ng5 Nc6 35. Nf7+ Kh7 36. f5 gxf5 37. Nxd8 Qxd8 38. gxf5 Qf6 39.
Rf2 Nd4 40. Qe7 Nxb3 41. Qxf6 Bxf6 42. axb3 Bh4 43. Ref1 Bxf2 44. Rxf2 {
T-T Motive: je 1 Freibauer bei aktivem sK. Warum nicht sT hinter den
h-Freibauern mit 48...Th8? Dafür Brückenbau! Finale: K+T vs K+g-Bauer} h5 45.
Kc2 Kg7 46. Kd3 h4 47. Kc4 Kf6 48. Kxc5 Kg5 $1 (48... Rh8 $5 49. Kd4 $2 (49.
Kxb4 $1 h3 50. Rh2 Kxf5 51. Ka5 Rh6 (51... Kg4 52. b4 Rb8 53. Kxa6 Rxb4 54. Ka5
Rb3 55. Ka4 Rb8 56. b4 Kg3 57. Rh1 h2 58. b5 Kg2 59. Rxh2+ Kxh2 60. Kb4 Kg3 61.
Kc5 Kf4 62. b6 Ke5 63. Kc6 $10) 52. b4 Kg4 53. b5 axb5 54. Kxb5 Kg3 55. Rh1 Kg2
56. Ra1 h2 57. b4 h1=Q 58. Rxh1 Rxh1 59. Kc6 Rc1+ 60. Kd6 Rb1 61. Kc5 Kf3 62.
b5 Ke4 63. b6 Ke5 64. Kc6 $10) 49... h3 50. Rh2 Kxf5 51. Ke3 Kg4 52. Kf2 Kf4
$19) 49. Rg2+ Kf4 50. Rg6 Rxf5+ 51. Kxb4 a5+ 52. Ka4 h3 53. Rh6 Kg3 54. Rg6+ (
54. b4 axb4 55. Kxb4 Rf4+ 56. Kc5 Rh4 57. Rd6 h2 58. Rd1 h1=Q 59. Rxh1 Rxh1 60.
b4 Rc1+ 61. Kd6 Rb1 62. Kc5 Kf4 63. b5 Ke5 64. Kc6 Ke6 65. b6 Ke7 66. Kc7 Rc1+
67. Kb8 Kd7 68. b7 Kc6 69. Ka8 Ra1+ 70. Kb8 Kb6 71. Kc8 Rc1+ 72. Kb8 Rh1 73.
Ka8 Ra1+ 74. Kb8 Ra7 $19) 54... Kh4 55. Rh6+ Kg3 56. Rg6+ Kh4 57. Rg1 h2 58.
Rc1 Kg3 59. b4 axb4 60. Kxb4 Kg2 61. b3 Rf1 62. Rc2+ Rf2 63. Rc1 Rf1 64. Rc2+
Kg3 65. Rxh2 Kxh2 66. Kc5 Rc1+ $1 (66... Rb1 $2 {Endspiel-CD} 67. b4 Kg3 68. b5
Kf4 69. b6 Ke5 (69... Rc1+ 70. Kd5 $10) 70. Kc6 Ke6 71. b7 $10) (66... Kg3 $1
$19 {Endspiel-CD} 67. b4 Kf4 68. b5 Ke5 $8 69. b6 Rc1+ $8 70. Kb5 Kd6) 67. Kd5
Rb1 68. Kc4 Kg3 69. b4 Kf4 0-1

[Event "RUS-ch51"]
[Site "St Petersburg"]
[Date "1998.08.02"]
[Round "6"]
[White "Yakovich, Yuri"]
[Black "Lugovoi, Aleksei"]
[Result "1-0"]
[WhiteElo "2560"]
[BlackElo "2525"]
[Annotator "Hecht,H"]
[PlyCount "123"]
[EventDate "1998.07.28"]
[EventType "swiss"]
[EventRounds "11"]
[EventCountry "RUS"]
[SourceTitle "CBM 067"]
[Source "ChessBase"]
[SourceDate "1998.11.30"]
[SourceVersion "2"]
[SourceVersionDate "1998.11.01"]
[SourceQuality "1"]

1. e4 e5 2. Nf3 Nc6 3. Bb5 a6 4. Ba4 Nf6 5. d3 b5 6. Bb3 Be7 7. a4 Rb8 8. O-O
O-O 9. Nbd2 d6 10. c3 b4 11. a5 bxc3 12. bxc3 Be6 13. Bc2 d5 14. Ba4 dxe4 15.
dxe4 Nxa5 16. Nxe5 c5 17. Qe2 Qc7 18. Nec4 Rfd8 19. Bc2 Nxc4 20. Nxc4 Ra8 21.
g3 Qc6 22. Ra5 Nd7 23. Bf4 Bf6 24. Ra3 Bxc4 25. Qxc4 Ne5 26. Bxe5 Bxe5 27. Rfa1
Qe6 28. Qxe6 fxe6 29. f4 Bc7 30. Bb3 Rd6 31. f5 Kf7 32. Bxe6+ Kf6 33. Bd5 Ra7
34. Kg2 Ke5 35. Rf1 Rb6 36. g4 Kf6 37. h4 Rb2+ 38. Rf2 Rxf2+ 39. Kxf2 {[#]
Weiß gewinnt aufgrund des weit vorgerückten f-Bauern, der Aktiviwerung seines
Königs sowie des guten Zusammenspiels von Turm und Läufer. Schwarze
Bauernschwächen. Taktik.} a5 40. g5+ Ke5 41. Ke3 a4 42. Kd3 Bd6 43. Kc4 Ra5 44.
Bc6 Be7 45. Bxa4 Bd8 46. Ra1 Bc7 (46... Kxe4 47. f6 $1 gxf6 48. gxf6 $18 {
[%cal Rf6f7]}) 47. Ra2 Bd8 48. Kb3 Kxe4 49. Rd2 $1 (49. f6 gxf6 50. gxf6 Ke5 (
50... Ra6 51. f7 Rf6 52. Re2+ Kf3 53. Re8 $18) 51. f7 Be7 {und die schwarzen
Verteidiger stehen besser}) 49... Bc7 50. f6 gxf6 51. gxf6 Ra6 52. f7 Rf6 53.
Rd7 Bg3 54. Bc6+ Kf5 55. Bd5 Bf4 (55... Bxh4 56. Rd6 $1 $18) 56. Kc4 Bh6 57.
Rd8 Kg4 58. Rh8 Kxh4 59. Rxh7 Kg5 60. Rh8 Bg7 61. Rg8 Kh6 62. Kxc5 {Der
c-Bauer gewinnt.} 1-0